000 01140nam a2200301 i 4500
001 18761
003 ES-MaACL
005 20250819081022.0
007 t|
008 020215s2001 sp |||| | spa j
020 _a84-930310-5-4
080 _a929.71(460)(091)
080 _a946.0"1931/39"
100 1 _aFernández-Xesta y Vázquez, Ernesto.
_950170
245 1 3 _aLa orden civil de la República
_b: ciudadanía y distinción en el estado igualitario /
_cErnesto Fernández-Xesta y Vázquez ; con un prólogo de Jaime Rodríguez-Arana Muñoz.
260 _aMadrid :
_bPalafox & Pezuela,
_c[2001]
300 _a335 p., [16] p. de lám. col. :
_bil. ;
_c24 cm.
490 1 _aCondecoraciones españolas ;
_v23
500 _aIncluye (p. 295-305) apéndice documental.
500 _aÍndices.
504 _aBibliografía: p. 329-332.
610 2 4 _aOrden Civil de la República
_96037
651 4 _aEspaña-
_xHistoria-
_y1931-1939, II República.
_98283
700 1 _aRodríguez-Arana Muñoz, Jaime.
_998342
830 0 _aCondecoraciones españolas ;
_v23
_9228827
852 _aES-MaACL
_jL-25335
999 _c18761
_d18761